Т. 4: Сокровище Голубых гор; Священный меч Будды; Город Прокаженного Царя; Жизнь - копейка; Маяк: романы, рассказы; Собрание сочинений

Bibliografiske detaljer
Parent link:Собрание сочинений: В 5 т. : [Пер. с итал.]/ Э. Сальгари; сост. М. Секей. Т. 4: Сокровище Голубых гор; Священный меч Будды; Город Прокаженного Царя; Жизнь - копейка; Маяк.— , 1992-.— 5-85255-146-5
Sprog:russisk
Udgivet: 1992
Fag:
Format: MixedMaterials Bog
KOHA link:https://koha.lib.tpu.ru/cgi-bin/koha/opac-detail.pl?biblionumber=169126

MARC

LEADER 00000nam2a2200000 4500
001 169126
005 20231031163318.0
010 |a 5852552208 
020 |a RU  |b 92-20877 
035 |a (RuTPU)RU\TPU\book\183464 
035 |a RU\TPU\book\183461 
090 |a 169126 
100 |a 20091106g1992 m y0rusy5003 ca 
101 1 |a rus  |c ita 
102 |a RU 
105 |a y z 000ay 
200 0 |a Т. 4: Сокровище Голубых гор; Священный меч Будды; Город Прокаженного Царя; Жизнь - копейка; Маяк  |e романы, рассказы 
210 |d 1992 
215 |d 21 см  |e (ил.)  |a 496 с. 
461 1 |0 (RuTPU)RU\TPU\book\183442  |y 5-85255-146-5  |t Собрание сочинений  |o В 5 т. : [Пер. с итал.]  |f Э. Сальгари  |g сост. М. Секей  |v Т. 4: Сокровище Голубых гор; Священный меч Будды; Город Прокаженного Царя; Жизнь - копейка; Маяк  |d 1992- 
610 1 |a итальянская литература 
610 1 |a приключенческие романы 
610 1 |a рассказы 
675 |a 85  |z rus 
801 0 |a RU  |b RuMRKP  |c 19950417  |g psbo 
801 1 |a RU  |b 63413507  |c 20091106 
801 2 |a RU  |b 63413507  |c 20091106  |g RCR 
942 |c BK